000 01361cam a2200349 a 4500
999 _c790
_d790
001 3871773
003 GZU
005 20200914111831.0
008 890811s1991 rh a b 000 0 eng
010 _a 89022860
020 _a0821409468 (Ohio University Press : Hb.)
020 _a0821409476 (Ohio University Press : Pb.)
020 _a0862329329 (Zed Books/Baobab Books : Hb.)
020 _a0862329337 (Zed Books/Baobab Books : Pb.)
040 _aDLC
_cDLC
_dDLC
043 _af-rh---
050 0 0 _aDT962.42
_b.REY 1990
100 1 _aReynolds, Pamela,
_d1944-
_eauthor
245 1 0 _aDance, civet cat :
_bchild labour in the Zambezi Valley /
_cPamela Reynolds.
260 _aHarare, Zimbabwe :
_bBaobab Books ;
_aAthens :
_bOhio University Press,
_c1991.
300 _axxxi, 176 p. :
_bill. ;
_c23 cm.
500 _aIncludes bibliographical references (p. 162-176).
504 _aIncludes bibliographical references (p. 162-176).
650 0 _aTonga (Zambezi people)
_xAgriculture.
650 0 _aChild labor
_zZimbabwe
_zMola.
650 0 _aTonga (Zambezi people)
_xSocial conditions.
650 0 _aChildren
_zZimbabwe
_zMola
_xSocial conditions.
651 0 _aMola (Zimbabwe)
_xSocial conditions.
906 _a7
_bcbc
_corignew
_d1
_eocip
_f19
_gy-gencatlg
942 _2lcc
_cBK
_h962.42
_iREY
_kDT